LEADER 01029nam0 22002771i 450 001 UON00210260 005 20231205103331.929 010 $a01-950546-7-9 100 $a20030730d1989 |0itac50 ba 101 $aeng 102 $aUS 105 $a|||| ||||| 200 1 $aˆThe ‰Jewish familiy$emetaphor and memory$fedited by David Kraemer 210 $aNew York$aOxford$cOxford University Press$d1989. XI$d248 p. ; 23 cm. 606 $aEBREI$xSTUDI$3UONC041656$2FI 620 $aGB$dOxford$3UONL000029 620 $aUS$dNew York$3UONL000050 676 $a306.85$cFamiglia$v21 702 1$aKRAEMER$bDavid$3UONV126521 712 $aOxford University Press$3UONV245947$4650 801 $aIT$bSOL$c20240220$gRICA 899 $aSIBA - SISTEMA BIBLIOTECARIO DI ATENEO$2UONSI 912 $aUON00210260 950 $aSIBA - SISTEMA BIBLIOTECARIO DI ATENEO$dSI III STORIAVAR B 0281 $eSI SC 33183 5 0281 996 $aJewish familiy$91260358 997 $aUNIOR